Critical issues in curriculum : (Record no. 1403)

MARC details
000 -LEADER
fixed length control field 00555nam a2200181 4500
001 - CONTROL NUMBER
control field 1835
005 - DATE AND TIME OF LATEST TRANSACTION
control field 20181127164056.0
020 00 - INTERNATIONAL STANDARD BOOK NUMBER
International Standard Book Number 00775762
090 00 - LOCALLY ASSIGNED LC-TYPE CALL NUMBER (OCLC); LOCAL CALL NUMBER (RLIN)
Classification number (OCLC) (R) ; Classification number, CALL (RLIN) (NR) 375 C9343c 1988
100 00 - MAIN ENTRY--PERSONAL NAME
Personal name Tanner, Laurel N.
245 00 - TITLE STATEMENT
Title Critical issues in curriculum :
Remainder of title Eight-seventh yearbook of the national society for the study of education /
Statement of responsibility, etc. Laurel. N. Tanner(edited)
Medium
250 00 - EDITION STATEMENT
Edition statement
260 00 - PUBLICATION, DISTRIBUTION, ETC.
Place of publication, distribution, etc. Chicago :
Name of publisher, distributor, etc. University of Chicago press,
Date of publication, distribution, etc. 1988.
300 00 - PHYSICAL DESCRIPTION
Extent ix, 289 p.
500 00 - GENERAL NOTE
General note In English.
650 00 - SUBJECT ADDED ENTRY--TOPICAL TERM
Topical term or geographic name entry element Curriculum change.
General subdivision
Topical term or geographic name entry element Curriculum planning.
General subdivision
Holdings
Withdrawn status Lost status Source of classification or shelving scheme Damaged status Not for loan Collection code Home library Current library Shelving location Serial Enumeration / chronology Inventory number Total Checkouts Full call number Barcode Date last seen Price effective from Koha item type
    Dewey Decimal Classification     Main TEST RTC Library RTC Library Main opac 4753   375 CRI 30003587 27/11/2018 27/11/2018 Main
Royal Thimphu College || All Right Reserved